| 000 | 00607nam a2200193 i 4500 | ||
|---|---|---|---|
| 001 | 40763 | ||
| 003 | ES-MaACL | ||
| 005 | 20250804063357.0 | ||
| 007 | t| | ||
| 008 | 030307s1977 sp ||||1| spa d | ||
| 100 | 1 |
_aCapmany, Maria Aurèlia, _d1918-1991 _934865 |
|
| 245 | 1 | 0 |
_aAntifémina / _cMaría Aurelia Capmany ; Colita. |
| 260 |
_a[Madrid] : _bEditoria Nacional, _c[1977] |
||
| 300 |
_a193 p. : _bprincipalmente il. ; _c30 cm. |
||
| 650 | 4 |
_aFeminismo- _vObras ilustradas. _9170143 |
|
| 700 | 0 |
_aColita ( _d1940-) _9156905 |
|
| 852 |
_aES-MaACL _jA-7520 _bR.96839 |
||
| 999 |
_c40763 _d40763 |
||